[Event "Vinnytsia City Cup"]
[Site "Vinnytsia"]
[Date "2021.11.03"]
[Round "3"]
[White "Zhukovskyi, Oleksandr"]
[Black "Kirichenko, Vitaly"]
[Result "0-1"]
[WhiteElo "1688"]
[BlackElo "2292"]
[PlyCount "58"]
[EventDate "2021.11.02"]
[EventType "tourn"]
[EventRounds "11"]
[EventCountry "UKR"]
[SourceTitle "CBM 205 Extra"]
[Source "ChessBase"]
[SourceDate "2022.01.31"]
[SourceVersion "1"]
[SourceVersionDate "2022.01.31"]
[SourceQuality "1"]

1. e4 c5 2. Nf3 e6 3. c4 Nc6 4. d4 cxd4 5. Nxd4 Nf6 6. Nc3 Bb4 7. Nxc6 dxc6 8. Qxd8+ Kxd8 9. Bd2 e5 10. 0-0-0 Ke7 11. f3 Be6 12. g4 a5 13. a3 Bc5 14. g5 Nh5 15. b4 axb4 16. axb4 Bd4 17. Bd3 Nf4 18. Bxf4 exf4 19. Kb2 b5 20. Kb3 Rhd8 21. Ra1 Be5 22. Rxa8 Rxa8 23. Rd1 Rd8 24. Be2 Rd4 25. Rxd4 Bxd4 26. Bd3 Kd6 27. h4 g6 28. Ne2 Ke5 29. Nc3 Bf2 0-1

[Event "Vinnytsia Summer IM"]
[Site "Vinnytsia"]
[Date "2021.08.06"]
[Round "8"]
[White "Zhukovskyi, Oleksandr"]
[Black "Rakesh, Kumar Jena"]
[Result "1/2-1/2"]
[WhiteElo "1697"]
[BlackElo "2334"]
[PlyCount "36"]
[EventDate "2021.08.02"]
[EventType "tourn"]
[EventRounds "9"]
[EventCountry "UKR"]
[SourceTitle "CBM 203 Extra"]
[Source "ChessBase"]
[SourceDate "2021.09.30"]
[SourceVersion "1"]
[SourceVersionDate "2021.09.30"]
[SourceQuality "1"]

1. e4 c5 2. Nf3 Nc6 3. c4 e5 4. Nc3 d6 5. d3 h6 6. Bd2 Nf6 7. g3 Be7 8. Bg2 Be6 9. a3 0-0 10. 0-0 Qd7 11. Nd5 Bxd5 12. exd5 Nd8 13. b4 b6 14. bxc5 bxc5 15. Rb1 e4 16. Ne1 exd3 17. Nxd3 Re8 18. Re1 Bf8 1/2-1/2

[Event "Pardubice Czech op-D 29th"]
[Site "Pardubice"]
[Date "2018.07.28"]
[Round "9"]
[White "Zhukovskyi, Oleksandr"]
[Black "Kraiukhin, Leonid"]
[Result "0-1"]
[WhiteElo "1649"]
[BlackElo "1256"]
[PlyCount "76"]
[EventDate "2018.07.21"]
[EventType "swiss"]
[EventRounds "9"]
[EventCountry "CZE"]
[SourceTitle "CBM 186 Extra"]
[Source "ChessBase"]
[SourceDate "2018.08.24"]
[SourceVersion "1"]
[SourceVersionDate "2018.08.24"]
[SourceQuality "1"]

1. Nf3 c5 2. e4 Nc6 3. d4 cxd4 4. Nxd4 e5 5. Nb5 d6 6. c4 Be6 7. Be3 Be7 8. Be2 Nf6 9. N1c3 a6 10. Na3 0-0 11. 0-0 Nd7 12. f3 f5 13. exf5 Bxf5 14. Qd2 Rc8 15. Nd5 h6 16. Rad1 Bg5 17. f4 Bf6 18. g4 Bh7 19. g5 exf4 20. Nxf6+ gxf6 21. Bxf4 hxg5 22. Bxd6 Re8 23. Bh5 Re4 24. Qd5+ Kh8 25. Bf3 Re8 26. Bg4 Be4 27. Qf7 Qb6+ 28. Rf2 Nce5 29. Qh5+ Kg7 30. Bxe5 Nxe5 31. Bxc8 Rh8 32. Qg4 Nxg4 33. Bxg4 Rd8 34. Rxd8 Qxd8 35. h3 Qd4 36. Kf1 Kg6 37. Ke1 f5 38. Be2 Bd3 0-1

[Event "Pardubice Czech op-D 29th"]
[Site "Pardubice"]
[Date "2018.07.24"]
[Round "5"]
[White "Zhukovskyi, Oleksandr"]
[Black "Gillmeister, Gino"]
[Result "0-1"]
[WhiteElo "1649"]
[BlackElo "1466"]
[PlyCount "66"]
[EventDate "2018.07.21"]
[EventType "swiss"]
[EventRounds "9"]
[EventCountry "CZE"]
[SourceTitle "CBM 186 Extra"]
[Source "ChessBase"]
[SourceDate "2018.08.24"]
[SourceVersion "1"]
[SourceVersionDate "2018.08.24"]
[SourceQuality "1"]

1. e4 e5 2. Nf3 Nc6 3. d4 exd4 4. Nxd4 Bc5 5. Be3 Qf6 6. c3 Nge7 7. Bc4 0-0 8. 0-0 Bb6 9. a4 d6 10. b4 Nxd4 11. a5 Nc2 12. axb6 Nxa1 13. Qa4 cxb6 14. Qxa1 Qg6 15. Re1 Bh3 16. Bf1 Be6 17. Bd3 f5 18. Nd2 f4 19. Bd4 f3 20. g3 Nc6 21. Qb1 Ne5 22. Bxe5 dxe5 23. Nc4 Qh5 24. Nd6 Rfd8 25. Nb5 Rd7 26. Bf1 a6 27. Na3 Bh3 28. Bc4+ Kh8 29. Bd5 Bf1 30. Be6 Rd6 31. Rxf1 Rxe6 32. Nc4 Rh6 33. Ne3 Qxh2# 0-1

[Event "UKR-ch U16"]
[Site "Vinnytsia"]
[Date "2018.03.15"]
[Round "10"]
[White "Zhukovskyi, Oleksandr"]
[Black "Mosesov, Danylo"]
[Result "0-1"]
[WhiteElo "1660"]
[BlackElo "2271"]
[PlyCount "52"]
[EventDate "2018.03.07"]
[EventType "tourn"]
[EventRounds "11"]
[EventCountry "UKR"]
[SourceTitle "CBM 183 Extra"]
[Source "ChessBase"]
[SourceDate "2018.04.19"]
[SourceVersion "1"]
[SourceVersionDate "2018.04.19"]
[SourceQuality "1"]

1. e4 g6 2. d4 Bg7 3. c4 d6 4. Nc3 Nc6 5. Nge2 e5 6. d5 Nce7 7. Be3 f5 8. f3 Nf6 9. Qd2 0-0 10. Bh6 Bd7 11. Bxg7 Kxg7 12. 0-0-0 a6 13. h3 b5 14. g4 f4 15. g5 Nh5 16. c5 b4 17. Nb1 Bb5 18. c6 Qb8 19. Rh2 Qb6 20. Qc2 Qe3+ 21. Nd2 Bd3 22. Qb3 Qc5+ 23. Nc3 bxc3 24. Bxd3 cxd2+ 25. Kb1 Rab8 26. Qc2 Qe3 0-1

[Event "UKR-ch U16"]
[Site "Vinnytsia"]
[Date "2018.03.11"]
[Round "6"]
[White "Medvedyk, Volodymyr"]
[Black "Zhukovskyi, Oleksandr"]
[Result "1-0"]
[WhiteElo "2145"]
[BlackElo "1660"]
[PlyCount "55"]
[EventDate "2018.03.07"]
[EventType "tourn"]
[EventRounds "11"]
[EventCountry "UKR"]
[SourceTitle "CBM 183 Extra"]
[Source "ChessBase"]
[SourceDate "2018.04.19"]
[SourceVersion "1"]
[SourceVersionDate "2018.04.19"]
[SourceQuality "1"]

1. c4 Nf6 2. g3 g6 3. Bg2 d5 4. cxd5 Nxd5 5. Nc3 Nxc3 6. bxc3 Bg7 7. Rb1 c6 8. Qc2 0-0 9. h4 Qc7 10. h5 Be6 11. Nf3 Bg4 12. hxg6 hxg6 13. Qe4 Bxf3 14. Qh4 Bh5 15. g4 Bf6 16. Qh3 Qd7 17. gxh5 Qxh3 18. Rxh3 b6 19. d4 gxh5 20. Rxh5 Rc8 21. Bh6 Nd7 22. Kd2 Nf8 23. Rg1 Ng6 24. f4 e6 25. Bh3 Bg7 26. Bxe6 Bxh6 27. Rxg6+ Kf8 28. Rf6 1-0

[Event "UKR-ch U16"]
[Site "Vinnytsia"]
[Date "2018.03.10"]
[Round "5"]
[White "Zhukovskyi, Oleksandr"]
[Black "Baidetsky, Valentin"]
[Result "0-1"]
[WhiteElo "1660"]
[BlackElo "2391"]
[PlyCount "90"]
[EventDate "2018.03.07"]
[EventType "tourn"]
[EventRounds "11"]
[EventCountry "UKR"]
[SourceTitle "CBM 183 Extra"]
[Source "ChessBase"]
[SourceDate "2018.04.19"]
[SourceVersion "1"]
[SourceVersionDate "2018.04.19"]
[SourceQuality "1"]

1. e4 Nf6 2. e5 Nd5 3. d4 d6 4. Nf3 g6 5. Bc4 Nb6 6. Bb3 Bg7 7. a4 dxe5 8. a5 Nd5 9. dxe5 Be6 10. 0-0 0-0 11. c3 c6 12. Re1 Na6 13. Ng5 Qc8 14. Nxe6 Qxe6 15. Nd2 Nc5 16. Nf3 Rad8 17. Nd4 Qc8 18. Qc2 Nxb3 19. Qxb3 c5 20. Nf3 Qc6 21. Qa4 Qxa4 22. Rxa4 h6 23. g3 Nc7 24. Be3 Ne6 25. h4 Rd5 26. Kf1 Rfd8 27. Ra3 Kf8 28. Raa1 Ke8 29. Ke2 R8d7 30. Red1 Rxd1 31. Rxd1 Rxd1 32. Kxd1 Kd7 33. c4 b6 34. axb6 axb6 35. b3 Nd8 36. Nh2 Bxe5 37. Bxh6 Bd4 38. Ke2 Nc6 39. Bd2 f5 40. f4 e5 41. g4 e4 42. h5 fxg4 43. hxg6 g3 44. Ng4 g2 45. g7 Ne7 0-1